[Event "Lima-ch U14"]
[Site "Lima"]
[Date "2017.01.20"]
[Round "3.3"]
[White "Bravo Espiritu, Miguel"]
[Black "Gomez Sulca, Frank Royer"]
[Result "0-1"]
[WhiteElo "1533"]
[BlackElo "1640"]
[PlyCount "80"]
[EventDate "2017.01.19"]
[EventType "swiss"]
[EventRounds "7"]
[EventCountry "PER"]
[SourceTitle "EXT 2024"]
[Source "ChessBase"]
[SourceDate "2023.10.10"]
[SourceVersion "1"]
[SourceVersionDate "2023.10.10"]
[SourceQuality "1"]

1. d4 Nf6 2. c4 c5 3. Nf3 g6 4. b3 Bg7 5. Bb2 0-0 6. e3 cxd4 7. exd4 d5 8. Nbd2 Nc6 9. Be2 a5 10. 0-0 e6 11. Ne5 Bd7 12. Ndf3 Rc8 13. Nxc6 Bxc6 14. Bd3 a4 15. Nd2 Qd7 16. Qe2 Rfd8 17. Nf3 dxc4 18. bxc4 Bxf3 19. Qxf3 Ne8 20. Rab1 Bxd4 21. Bxd4 Qxd4 22. Be2 b6 23. Rb4 a3 24. Rfb1 Qd2 25. Rxb6 Qxa2 26. Rb7 Nd6 27. R7b3 Nxc4 28. Bxc4 Rxc4 29. Rb7 Rc7 30. h3 Rxb7 31. Rxb7 Qa1+ 32. Kh2 Qe5+ 33. g3 Qf5 34. Qe3 Rd3 35. Qe1 Qd5 36. Rb8+ Kg7 37. Qa1+ e5 38. Rb1 a2 39. Rb2 Rd1 40. Qxa2 Qh1# 0-1